Football - Les 10 plus gros transferts (2011-2012) - Statistiques

Statistiques générales
  • Ce quiz a été pris 83 fois
  • Le résultat moyen est 6 sur 10
Statistiques - réponses
Rang Club Précédent Nouveau Club Montant Joueur % Correct
1 Palermo Paris SG 42 000 000 € Javier Pastore
87%
5 Schalke 04 Bayern Munich 30 000 000 € Manuel Neuer
77%
10 Udinese Barcelone 26 000 000 € Alexis Sanchez
63%
8 Inter Milan Anzhi Makhachkala 27 000 000 € Samuel Eto'o
62%
2 Porto Atletico Madrid 40 000 000 € Radamel Falcao
61%
4 Arsenal Barcelone 34 000 000 e Cesc Fabregas
59%
3 Atletico Madrid Manchester City 40 000 000 € Sergio Aguero
58%
7 Arsenal Manchester City 27 500 000 € Samir Nasri
55%
6 Benfica Real Madrid 30 000 000 € Fabio Coentrao
37%
9 Valence Chelsea 26 700 000 € Juan Mata
37%
Aucun quiz correspondant
Distribution des résultats
% des personnes avec chaque résultat
Percentile par nombre de réponses
Votre historique - résultats
Vous n’avez pas pris ce quiz